=LDR 00000nam 2200000 4500 =001 INLIS000000000039269 =005 20130612144916 =008 ***********************************Ind** =035 ##$$a0010-061300000039269 =041 ##$$a Ind =082 ##$$a 784.092 =090 ##$$a 784.092, Kil m =100 ##$$a Killer,yy" Nallerina's =245 ##$$a Memulai Band Indie, YY"Ballerina's Killer" : Editor, Selviya =260 ##$$a 2009 $b Sidoarjo =300 ##$$a 116 Hlm, 23 Cm =700 ##$$a Selviya =850 ##$$a NBPNMAT =990 ##$$a 0001/BPAP-NTB/20142014